Statistics for Guess the Lyrics #67

Click here to take the quiz!

General Stats

  • This quiz has been taken 1,129 times
    (198 since last reset)
  • The average score is 221 of 419

Answer Stats

Lyrics% Correct
I
98%
(i
98%
a
97%
you
93%
you)
93%
the
90%
The
90%
love
86%
and
82%
And
82%
(and
82%
to
82%
be
76%
in
76%
it
76%
is
74%
on
74%
(We
74%
For
73%
for
73%
me
73%
me,
73%
me)
73%
my
69%
My
69%
no
68%
will
67%
of
63%
I'm
60%
what
60%
with
57%
heart
55%
there
53%
ever
52%
ever),
52%
one
49%
This
49%
(Wear
48%
wear
48%
Would
48%
all
46%
how
45%
oh,
45%
but
44%
But
44%
Forever
44%
(Forever)
44%
never
44%
time
44%
time)
44%
us,
44%
(us,
44%
at
43%
live
41%
just
40%
Say
39%
say
39%
up
39%
baby
38%
baby)
38%
little
37%
think
36%
only
34%
without
33%
now,
32%
now
32%
now)
32%
stay
32%
yeah
32%
(You'll
32%
you'll
32%
prayer,
31%
prayer
31%
(prayer
31%
prayer)
31%
take
30%
put
28%
(Together)
28%
Together,
28%
(together)
28%
together
28%
must
24%
wake
24%
Before
23%
bus,
22%
moment
22%
part,
22%
mean
21%
Please
21%
darling,
20%
(Makeup)
20%
makeup
20%
(That's
20%
(break
19%
break
19%
through
19%
dear
18%
dear)
18%
heartbreak
18%
run
18%
dress
16%
hair
16%
right
16%
while
16%
true
15%
work
14%
(believe
13%
believe
13%
wondering
12%
(Answer
11%
Answer
11%
coffee
11%
combing
11%
Nobody
11%
I Say a Little Prayer - Aretha Franklin
9%
riding
8%

Score Distribution

Percentile by Number Answered

Percent of People with Each Score

Your Score History

You have not taken this quiz since the last reset